Planificación programación y presupuesto del sistema vial y construcción de la red de abastecimiento de agua potable y red de drenaje pluvial, para la urbanización de Santa Barbara, municipio de Villa El Carmen, departamento de Managua
La investigación presenta la planificación, programación y presupuesto de obra del sistema vial y construcción de la red de abastecimiento de agua potable y red de drenaje pluvial para la urbanización, estima las cantidades de obras de las etapas y sub-etapas del proyecto y del sistema vial y...
| Main Authors: | , , |
|---|---|
| Other Authors: | |
| Format: | Tesis Section = Libro |
| Language: | Undetermined Spanish |
| Published: |
Managua
UNI
2020
|
| Subjects: |
| LEADER | 01517nam a2200265Ia 4500 | ||
|---|---|---|---|
| 008 | 240830s9999 xx 000 0 und d | ||
| 040 | |a BIBLIOTECA-RUPAP Mon 628.1 P339 | ||
| 041 | |a spa | ||
| 082 | |a Mon 628.1 P339 | ||
| 100 | 1 | |a Pavón Téllez, Agner Enrique | |
| 100 | 1 | |b Mendoza Dávila, Alejandro Katriel. | |
| 100 | 1 | |c González Fernández, Angely Paola | |
| 245 | 1 | 0 | |a Planificación programación y presupuesto del sistema vial y construcción de la red de abastecimiento de agua potable y red de drenaje pluvial, para la urbanización de Santa Barbara, municipio de Villa El Carmen, departamento de Managua |
| 260 | |a Managua |b UNI |c 2020 | ||
| 300 | |a 73 p. :il. | ||
| 500 | |a Contiene: anexos y CD. | ||
| 502 | |a Tesis (Ingeniero Civil)- UNI, 2020. | ||
| 520 | 3 | |a La investigación presenta la planificación, programación y presupuesto de obra del sistema vial y construcción de la red de abastecimiento de agua potable y red de drenaje pluvial para la urbanización, estima las cantidades de obras de las etapas y sub-etapas del proyecto y del sistema vial y construcción, establece los costos unitarios para el proyecto, utilizando el programa Excel, determina los recursos que se necesitaran para obtener resultados de control y coordinación durante el proceso de ejecución del proyecto. | |
| 650 | 7 | |a AGUA POTABLE | |
| 650 | 7 | |b AGUA-ABASTECIMIENTO | |
| 650 | 7 | |c DRENAJE PLUVIAL | |
| 700 | 1 | |a Tutor: |b López Olivas, Ana Rosa | |
| 942 | |c BK |2 ddc | ||
| 991 | |a TESIS | ||
| 999 | |c 16235 | ||